000 00221nam a22000857a 4500
001 1236343
005 20251001162327.0
245 _aGELECEĞİ GÖRME ORTAKLIĞI
_cTOLGA GÜMÜŞAY
260 _bGÜNIŞIĞI KİTAPLIĞI YAYINLARI
999 _c1236343
_d1236343